|
|
|
|
| LEADER |
01079nam a2200289 a 4500 |
| 001 |
12131546 |
| 008 |
110226s2001 maua b 001 0 eng d |
| 010 |
|
|
|a 00062545
|
| 020 |
|
|
|a 0763714356
|
| 040 |
|
|
|a DLC
|c DLC
|d DLC
|b D-DhAAL
|
| 042 |
|
|
|a pcc
|
| 050 |
0 |
0 |
|a QA76.73.J38
|b H62 2001
|
| 082 |
0 |
0 |
|a 005.13/3
|2 21
|
| 100 |
1 |
|
|a Holmes, Barry
|q (Barry J.)
|
| 245 |
1 |
0 |
|a Object-oriented programming with Java /
|c Barry J. Holmes, Daniel T. Joyce.
|
| 250 |
|
|
|a 2nd ed.
|
| 260 |
|
|
|a Sudbury, Mass. :
|b Jones and Bartlett,
|c c2001.
|
| 300 |
|
|
|a xviii, 826 p. :
|b ill. ;
|c 23 cm. +
|e 1 CD-ROM (4 3/4 in.)
|
| 504 |
|
|
|a Includes bibliographical references and index.
|
| 541 |
1 |
|
|e 00015620
|
| 650 |
|
0 |
|a Java (Computer program language)
|
| 650 |
|
0 |
|a Object-oriented programming (Computer science)
|
| 700 |
1 |
|
|a Joyce, Daniel T.
|
| 852 |
4 |
|
|a Ayesha Abed Library
|j General shelf.
|
| 942 |
0 |
0 |
|0 1
|
| 999 |
|
|
|c 10484
|d 10484
|
| 952 |
|
|
|0 0
|1 0
|2 ddc
|4 0
|6 005_133000000000000_HOL
|7 0
|9 14458
|a BRACUL
|b BRACUL
|c GEN
|d 2011-02-26
|l 18
|m 119
|o 005.133 HOL
|p 3010015620
|r 2026-01-18
|s 2025-10-15
|t 1
|w 2011-02-26
|y BK
|